Origins of development economics: how schools of economic thought have addressed develpoment (Record no. 5284)

MARC details
000 -LEADER
fixed length control field 00577nam a2200205Ia 4500
020 ## - INTERNATIONAL STANDARD BOOK NUMBER
ISBN 81-85229-98-8
082 ## - DEWEY DECIMAL CLASSIFICATION NUMBER
Classification number 338.9 ORI-
245 #0 - TITLE STATEMENT
Title Origins of development economics: how schools of economic thought have addressed develpoment
260 ## - PUBLICATION, DISTRIBUTION, ETC. (IMPRINT)
Place of publication New Delhi
Name of publisher Tulika Books
Year of publication 2005
300 ## - PHYSICAL DESCRIPTION
Number of Pages xxiii, 165
504 ## - BIBLIOGRAPHY, ETC. NOTE
Bibliography, etc includes index
650 ## - SUBJECT ADDED ENTRY--TOPICAL TERM
Topical Term Economic development
650 ## - SUBJECT ADDED ENTRY--TOPICAL TERM
Topical Term Economic policy
650 ## - SUBJECT ADDED ENTRY--TOPICAL TERM
Topical Term Economic
Form subdivision History
650 ## - SUBJECT ADDED ENTRY--TOPICAL TERM
Topical Term Economic history
650 ## - SUBJECT ADDED ENTRY--TOPICAL TERM
Topical Term Economics
Form subdivision Philosophy
700 ## - ADDED ENTRY--PERSONAL NAME
Personal name Reinert, Erik S.
700 ## - ADDED ENTRY--PERSONAL NAME
Personal name Jomo, K.S.
942 ## - ADDED ENTRY ELEMENTS (KOHA)
Koha item type Books
Holdings
Withdrawn status Lost status Damaged status Not for loan Home library Current library Date acquired Source of acquisition Bill Date Full call number Accession Number Price effective from Koha item type
        NASSDOC Library NASSDOC Library 20/11/2006 BSB 2006-11-08 338.9 ORI- 42091 18/04/2019 Books